00741 a2200193 450000100060000002000180000604000220002410000200004624000380006624500330010430000080013736200090014565000390015494200070019395201100020095201100031095201100042099900170053067899 a9788516118006 cAnchieta - Pituba aOrmundo, Wilton10aSe liga na língua, 7º anolpor10aSe liga na língua, 7º ano a3280 a2019 4aGramática da língua portuguesa cBK 00104070a91.1b91.1d2023-11-21l0o469.5 O73s ORM SELp22955/PITr2023-11-21 18:35:53w2023-11-21yBK 00104070a91.1b91.1d2023-11-21l0o469.5 O73s ORM SELp22956/PITr2023-11-21 18:35:53w2023-11-21yBK 00104070a91.1b91.1d2023-11-21l0o469.5 O73s ORM SELp22959/PITr2023-11-21 18:35:53w2023-11-21yBK c67899d67899